000 00710cam a2200217 i 4500
005 20251222112856.0
008 250721s2014 ua gr 000 0 ara d
020 _a9789776277786
082 1 4 _a218.51
_bع م ر
100 1 _aالعمري، احمد خيري
_eمؤلف.
245 1 2 _aالذين لم يولدوا بعد /
_cد. أحمد خيري العمري.
250 _aالطبعة السادسة.
264 3 1 _aالقاهرة :
_bدار اجيال،
_c2014.
300 _a77 صفحة.
490 0 _aضوء في المجرة.
650 1 7 _aالوعظ والإرشاد.
650 1 7 _aالإسلام.
830 0 _aضوء في المجرة.
942 _2ddc
_cBK
999 _c132710
_d132710